000 00299nam a2200145Ia 4500
100 _aBen Albahari
942 _cBK
654 _aC # essential
245 _aC # Essential
260 _bOreilly & Ass Inc
_c2001
082 _a005.133'C'
_bBEN
300 _a199
546 _aENGLISH
999 _c28919
_d28919